| 000 | 00538nam a22002057a 4500 | ||
|---|---|---|---|
| 003 | OSt | ||
| 005 | 20140310181939.0 | ||
| 008 | 130724t xxu||||| |||| 00| 0 eng d | ||
| 020 | _a0451526554 | ||
| 050 |
_aPR 4167 _b.B869 1997 |
||
| 082 |
_aCLA _bB78j 1997 |
||
| 100 |
_aBronte, Charlotte _93109 |
||
| 245 |
_aJane Eyre / _cCharlotte Bronte. |
||
| 260 |
_aNew York : _bNew American Library, _c1997. |
||
| 300 |
_a465 p. ; _b18 cm. |
||
| 541 | _j1 | ||
| 562 | _e1 | ||
| 700 |
_aBronte, Charlotte _93109 |
||
| 942 |
_2lcc _cBBK _kCLA |
||
| 999 |
_c7601 _d7601 |
||